Zgadnij piosenkę Skolima po tekście - Statystyki

Ogólne statystyki
  • Ten quiz został rozwiązany 61 razy
  • Średni wynik to 9 z 15
Statystyki odpowiedzi
tekst tytuł % Poprawnych
"Siedzi teraz ze mną, chociaż planowałeś randki, obok łózka leżą tylko Air Max i majtki..." Temperatura
89%
"Ty będziesz ze mną, ze mną, w głowie masz już jedno" Palermo
77%
"...jak zostaniemy sami, poskładam cię jak łabędzia z origami..." Wyglądasz idealnie
74%
"..to nie walentynki, ale wyjdziemy stąd w parze..." Kamikaze
70%
"Robi się gorąca Alicante, mówią, że wariatka, mają racje" Wejdę wyjdę
70%
"...dała całe serce, a ja chcę jeszcze więcej, a ja chcę jeszcze więcej" Ona mi dała
66%
"Nowy Mercedes-AMG i Cabrio, Twój były padł na ziemię tak jak Super Mario" Bebecita
64%
"...ich bin deine Papa" Autobana
62%
"Lubię Twoje usta o smaku coli, Ty jedna wiesz jak mnie zadowolić" Dziewczyno piękna
60%
"Pamiętam jak w wakacje tak słodko wyglądałaś" Nie dzwoń do mnie mała
60%
"Chodź do mnie, chodź, potrzebuję Ciebie" Daj mi jedno słowo
47%
"Co zrobisz ze mną gdy będzie ciemno?" Życie jest jedno
40%
"Jeden moment, no bo ze mną to nie grzech" 96
36%
"Latino, wjeżdżam w Ciebie, dziewczyno" Kiss me babe
34%
"Nie wygląda na łatwą, trzeba do niej dotrzeć, nie patrzy na saldo..." Czy można Panią prosić do tańca
32%
Nie znaleziono quizów pasujących do podanych kryteriów
Rozkład punktacji
Procent ludzi z każdym wynikiem
Percentyl według liczby udzielonych odpowiedzi
Twoja historia wyników
Nie rozwiązałeś tego quizu